Statistics for Boston - Annexed Cities and Neighborhoods

Click here to take the quiz!

General Stats

  • This quiz has been taken 79 times
  • The average score is 8 of 12

Answer Stats

Year SettledYear IncorporatedYear AnnexedAnswer% Correct
4163016301870Dorchester
84%
3163018461868Roxbury
84%
1Part of #41804South Boston
81%
7Part of #61874Allston
76%
6163018071874Brighton
76%
11162818471874Charlestown
71%
2Group ofislands filled in1836East Boston
69%
816301851 (Part of #3)1874West Roxbury
66%
9Part of #81874Jamaica Plain
65%
5Part of #41870Mattapan
58%
121660's18681912Hyde Park
45%
10Part of #81873Roslindale
44%

Score Distribution

Percentile by Number Answered

Percent of People with Each Score

Your Score History

You have not taken this quiz